| 000 | 00650nam a2200157 a 4500 | ||
|---|---|---|---|
| 008 | 101215s2010 ||||||||||||||||| || u | ||
| 050 | _aUNHCHR(02) | ||
| 110 | _aUnited Nations High Commissioner for Human Rights (UNHCHR) | ||
| 245 | 1 | 0 | _aDurban review conference: outcome document |
| 260 |
_aNew York _bOffice of the High Commissioner for Human Rights (OHCHR) _c2010 |
||
| 300 | _a22p. | ||
| 350 | _a0.00 | ||
| 650 | _aHUMAN RIGHTS--CONGRESSES | ||
| 856 | _uhttp://www.ohchr.org | ||
| 995 |
_D0.00 _FCBU-MAIN LIBRARY (Kitwe) _H1 _I0.00 _M1 _UAVAILABLE _WDec 28, 2010 _ZInternational Publications |
||
| 999 |
_c40530 _d40530 |
||